| 000 | 00621nam a2200205Ia 4500 | ||
|---|---|---|---|
| 005 | 20250508170055.0 | ||
| 008 | 008 250505s9999 xx 000 0 eng d | ||
| 020 | _a978-3-319-73920-5 | ||
| 037 | _aTextBook | ||
| 040 |
_aFEDL _beng _cFEDL |
||
| 041 |
_aeng _2eng |
||
| 084 |
_a001.42, SAN/R _qFEDL |
||
| 100 |
_aSandeep kumar Ed. _9729289 |
||
| 245 | 0 | _aAction research and grounded theory: Evidence- based practices in education | |
| 260 |
_aNew Delhi, India _bKanishka Publishers _c2019 |
||
| 300 | _avii, 266p. | ||
| 365 |
_aINR _b1550 |
||
| 942 |
_cTB _h001.42, SAN/R |
||
| 999 |
_c1399075 _d1399075 |
||